[Event "FRA-chT1A 0708"]
[Site "France"]
[Date "2008.02.10"]
[Round "7.8"]
[White "Fruteau, Sabine"]
[Black "Naigelblat, Maximilien"]
[Result "1-0"]
[WhiteElo "2162"]
[BlackElo "1794"]
[PlyCount "57"]
[EventDate "2007.10.21"]
[EventType "team"]
[EventRounds "11"]
[EventCountry "FRA"]
[SourceTitle "EXT 2009"]
[Source "ChessBase"]
[SourceDate "2008.11.26"]
[SourceVersion "1"]
[SourceVersionDate "2008.11.26"]
[SourceQuality "1"]
[WhiteTeam "Deauville"]
[BlackTeam "Tours"]
[WhiteTeamCountry "FRA"]
[BlackTeamCountry "FRA"]

1. e4 c5 2. Nf3 e6 3. d4 cxd4 4. Nxd4 Nc6 5. Nc3 Qc7 6. Be3 a6 7. Bd3 Nf6 8. 0-0 Bb4 9. Nxc6 bxc6 10. Na4 Rb8 11. f4 d5 12. e5 Nd7 13. c4 dxc4 14. Bxc4 0-0 15. Re1 Rd8 16. Qc2 Bb7 17. Bd3 h6 18. a3 Ba5 19. b4 Bb6 20. Nxb6 Nxb6 21. Bc5 Nd5 22. Qe2 Ra8 23. h4 Rd7 24. Qe4 f5 25. exf6 Nxf6 26. Qxe6+ Kh8 27. Bg6 Rad8 28. Qe5 Qxe5 29. fxe5 1-0

[Event "Avoine op 21th"]
[Site "Avoine"]
[Date "2006.07.26"]
[Round "5"]
[White "Bry, Stephane"]
[Black "Naigelblat, Maximilien"]
[Result "1-0"]
[WhiteElo "2063"]
[BlackElo "1710"]
[PlyCount "136"]
[EventDate "2006.07.22"]
[EventType "swiss"]
[EventRounds "9"]
[EventCountry "FRA"]
[SourceTitle "EXT 2007"]
[Source "ChessBase"]
[SourceDate "2006.11.23"]
[SourceVersion "1"]
[SourceVersionDate "2006.11.23"]
[SourceQuality "1"]

1. e4 c5 2. Nf3 d6 3. Bb5+ Bd7 4. Bxd7+ Nxd7 5. 0-0 Ngf6 6. Re1 e6 7. c3 Be7 8. d4 0-0 9. Bg5 d5 10. e5 Ne4 11. Bxe7 Qxe7 12. Nbd2 f5 13. exf6 Ndxf6 14. Re2 cxd4 15. Nxe4 Nxe4 16. Qxd4 Rf4 17. Rae1 Qf7 18. Qe3 Rf8 19. Ne5 Qf5 20. Nd3 Rg4 21. f3 Qxf3 22. Qxf3 Rxf3 23. Ne5 Rff4 24. Nxg4 Rxg4 25. c4 Ng5 26. Rc1 d4 27. Kf1 Kf7 28. b4 Ne4 29. c5 d3 30. Re3 d2 31. Rd1 Kf6 32. b5 Ke7 33. h3 Rf4+ 34. Rf3 Rf5 35. Rxf5 exf5 36. c6 bxc6 37. bxc6 Kd6 38. g4 g6 39. Kg2 Kxc6 40. Kf3 Kd6 41. Kf4 Ke6 42. h4 h6 43. h5 g5+ 44. Ke3 Ke5 45. gxf5 Kxf5 46. Rf1+ Ke5 47. Kd3 Ng3 48. Rb1 Nxh5 49. Kxd2 Ng3 50. Rb7 h5 51. Rxa7 h4 52. Ke1 Kf4 53. a4 Ne4 54. Kf1 Kg3 55. Kg1 h3 56. Rh7 g4 57. a5 Nc5 58. Rh5 Na6 59. Rh6 Nc7 60. a6 h2+ 61. Kh1 Kf2 62. Rf6+ Kg3 63. a7 Kh3 64. Rh6+ Kg3 65. Rh7 Na8 66. Rh8 Nb6 67. a8Q Nxa8 68. Rxa8 Kf3 1-0